Problém časovej konzistencie ekonomickej politiky, model dlhu
Problém časovej konzistencie ekonomickej politiky v modeloch ekonomiky so zdanením práce a dlhu. Definícia Ramseyho úlohy. Ramseyho ohraničená úloha.
Salvato in:
| Autore principale: | |
|---|---|
| Altri autori: | , |
| Natura: | Capitolo di libro |
| Lingua: | slovacco |
| Soggetti: | |
| Tags: |
Nessun Tag, puoi essere il primo ad aggiungerne!!
|
MARC
| LEADER | 00000naa$a2200000$$$4500 | ||
|---|---|---|---|
| 001 | 0084719 | ||
| 005 | 20240502071947.0 | ||
| 041 | 0 | |a slo | |
| 044 | |a SK | ||
| 245 | 1 | 0 | |a Problém časovej konzistencie ekonomickej politiky, model dlhu |c Karol Szomolányi, Adriana Lukáčiková, Martin Lukáčik |
| 520 | |a Problém časovej konzistencie ekonomickej politiky v modeloch ekonomiky so zdanením práce a dlhu. Definícia Ramseyho úlohy. Ramseyho ohraničená úloha. | ||
| 610 | 2 | 0 | |a modely ekonometrické |
| 610 | 2 | 0 | |a spotreba |
| 610 | 2 | 0 | |a dlhy |
| 610 | 2 | 0 | |a kapitál |
| 610 | 2 | 0 | |a zdaňovanie |
| 610 | 2 | 0 | |a prostredie ekonomické |
| 100 | 1 | |a Szomolányi, Karol, 1976- | |
| 700 | 1 | |a Lukáčiková, Adriana, 1971- | |
| 700 | 1 | |a Lukáčik, Martin, 1974- | |